[Event "418 Stay Safe Play From Home series"]
[Site "Emanuel Lasker Arena"]
[Date "2020.08.28"]
[Round "7"]
[White "Frido-BBB"]
[Black "IceQueen"]
[Result "0-1"]
[WhiteElo "1589"]
[BlackElo "2376"]
[PlyCount "52"]
[EventDate "2020.08.28"]
[EventType "swiss (blitz)"]

1. e4 {[%emt 0:00:01]} c5 {[%emt 0:00:00]} 2. f4 {[%emt 0:00:01]} e6 {[%emt 0:00:01]} 3. Nf3 {[%emt 0:00:00]} Nc6 {[%emt 0:00:00]} 4. c3 {[%emt 0:00:00]} d5 {[%emt 0:00:01]} 5. d3 {[%emt 0:00:00]} dxe4 {[%emt 0:00:02]} 6. Ne5 {[%emt 0:00:03]} Nxe5 {[%emt 0:00:01]} 7. fxe5 {[%emt 0:00:01]} exd3 {[%emt 0:00:00]} 8. Bxd3 {[%emt 0:00:01]} Bd7 {[%emt 0:00:05]} 9. O-O {[%emt 0:00:00]} Bc6 {[%emt 0:00:01]} 10. Bf4 {[%emt 0:00:01]} Nh6 {[%emt 0:00:02]} 11. Na3 {[%emt 0:00:01]} Be7 {[%emt 0:00:02]} 12. Nc4 {[%emt 0:00:01]} Qd5 {[%emt 0:00:02]} 13. Nd6+ {[%emt 0:00:00]} Bxd6 {[%emt 0:00:01]} 14. Rf2 {[%emt 0:00:05]} Bxe5 {[%emt 0:00:02]} 15. Bxe5 {[%emt 0:00:04]} Qxe5 {[%emt 0:00:00]} 16. Qf3 {[%emt 0:00:02]} Bxf3 {[%emt 0:00:02]} 17. Rxf3 {[%emt 0:00:00]} Rd8 {[%emt 0:00:01]} 18. Raf1 {[%emt 0:00:01]} O-O {[%emt 0:00:02]} 19. Bc2 {[%emt 0:00:03]} Ng4 {[%emt 0:00:01]} 20. Rh3 {[%emt 0:00:03]} h6 {[%emt 0:00:03]} 21. g3 {[%emt 0:00:06]} Qe3+ {[%emt 0:00:02]} 22. Kg2 {[%emt 0:00:02]} Rd2+ {[%emt 0:00:00]} 23. Kh1 {[%emt 0:00:03]} Nf2+ {[%emt 0:00:01]} 24. Kg2 {[%emt 0:00:04]} Ng4+ {[%emt 0:00:08]} 25. Kh1 {[%emt 0:00:03]} Rxc2 {[%emt 0:00:00]} 26. Rg1 {[%emt 0:00:03]} Qe4+ {[%emt 0:00:01] Frido-BBB gibt auf Frido-BBB gibt auf Frido-BBB gibt auf (Lag: Av=0.63s, max=1.0s) (Lag: Av=0.63s, max=1.0s) (Lag: Av=0.63s, max=1.0s)} 0-1

[Event "418 Stay Safe Play From Home series"]
[Site "Emanuel Lasker Arena"]
[Date "2020.08.28"]
[Round "8"]
[White "Tran Minh Thang"]
[Black "Yuriko"]
[Result "1-0"]
[WhiteElo "2511"]
[BlackElo "2032"]
[PlyCount "83"]
[EventDate "2020.08.28"]
[EventType "swiss (blitz)"]

1. d4 {[%emt 0:00:02]} d5 {[%emt 0:00:01]} 2. Bf4 {[%emt 0:00:01]} c6 {[%emt 0:00:00]} 3. e3 {[%emt 0:00:00]} Nf6 {[%emt 0:00:00]} 4. c4 {[%emt 0:00:00]} e6 {[%emt 0:00:00]} 5. Nc3 {[%emt 0:00:01]} Nbd7 {[%emt 0:00:00]} 6. Nf3 {[%emt 0:00:01]} Be7 {[%emt 0:00:00]} 7. Bd3 {[%emt 0:00:01]} dxc4 {[%emt 0:00:00]} 8. Bxc4 {[%emt 0:00:01]} b5 {[%emt 0:00:00]} 9. Bd3 {[%emt 0:00:00]} Bb7 {[%emt 0:00:00]} 10. O-O {[%emt 0:00:02]} Rc8 {[%emt 0:00:00]} 11. Ne4 {[%emt 0:00:01]} a6 {[%emt 0:00:02]} 12. Nd6+ {[%emt 0:00:01]} Bxd6 {[%emt 0:00:01]} 13. Bxd6 {[%emt 0:00:00]} Nb6 {[%emt 0:00:00]} 14. Bc5 {[%emt 0:00:00]} Nfd7 {[%emt 0:00:04]} 15. Qc2 {[%emt 0:00:02]} Nxc5 {[%emt 0:00:01]} 16. dxc5 {[%emt 0:00:01]} Nd5 {[%emt 0:00:01]} 17. a3 {[%emt 0:00:00]} h6 {[%emt 0:00:01]} 18. Rad1 {[%emt 0:00:02]} Qe7 {[%emt 0:00:01]} 19. e4 {[%emt 0:00:01]} Nf6 {[%emt 0:00:01]} 20. e5 {[%emt 0:00:01]} Nd5 {[%emt 0:00:01]} 21. Nd2 {[%emt 0:00:01]} O-O {[%emt 0:00:01]} 22. Ne4 {[%emt 0:00:00]} Rb8 {[%emt 0:00:01]} 23. Nd6 {[%emt 0:00:00]} Rfd8 {[%emt 0:00:01]} 24. b4 {[%emt 0:00:00]} Nf4 {[%emt 0:00:01]} 25. Qd2 {[%emt 0:00:01]} Ng6 {[%emt 0:00:00]} 26. Bxg6 {[%emt 0:00:01]} fxg6 {[%emt 0:00:01]} 27. Qd3 {[%emt 0:00:00]} Qg5 {[%emt 0:00:04]} 28. f4 {[%emt 0:00:01]} Qh5 {[%emt 0:00:02]} 29. Qe4 {[%emt 0:00:01]} Kh7 {[%emt 0:00:01]} 30. h3 {[%emt 0:00:01]} Rf8 {[%emt 0:00:02]} 31. Rd3 {[%emt 0:00:01]} Ra8 {[%emt 0:00:04]} 32. Nxb7 {[%emt 0:00:01]} Ra7 {[%emt 0:00:02]} 33. Rd7 {[%emt 0:00:01]} Qh4 {[%emt 0:00:03]} 34. Qf3 {[%emt 0:00:11]} a5 {[%emt 0:00:01]} 35. bxa5 {[%emt 0:00:02]} Rb8 {[%emt 0:00:03]} 36. Qxc6 {[%emt 0:00:01]} b4 {[%emt 0:00:05]} 37. Rxg7+ {[%emt 0:00:01]} Kxg7 {[%emt 0:00:01]} 38. Qc7+ {[%emt 0:00:00]} Kh8 {[%emt 0:00:00]} 39. Qxb8+ {[%emt 0:00:00]} Kg7 {[%emt 0:00:00]} 40. Qxa7 {[%emt 0:00:00]} Kf7 {[%emt 0:00:00]} 41. Nd6+ {[%emt 0:00:00]} Kf8 {[%emt 0:00:01]} 42. Qf7# {[%emt 0:00:00] (Lag: Av=0.63s, max=1.0s) (Lag: Av=0.63s, max=1.0s) (Lag: Av=0.63s, max=1.0s)} 1-0

[Event "418 Stay Safe Play From Home series"]
[Site "Emanuel Lasker Arena"]
[Date "2020.08.28"]
[Round "8"]
[White "AChessPlayer"]
[Black "Lazieri3"]
[Result "1-0"]
[WhiteElo "2382"]
[BlackElo "2050"]
[PlyCount "95"]
[EventDate "2020.08.28"]
[EventType "swiss (blitz)"]

1. Nf3 {[%emt 0:00:01]} c6 {[%emt 0:00:00]} 2. g3 {[%emt 0:00:00]} d5 {[%emt 0:00:00]} 3. Bg2 {[%emt 0:00:00]} Bf5 {[%emt 0:00:00]} 4. O-O {[%emt 0:00:00]} Qc8 {[%emt 0:00:01]} 5. Re1 {[%emt 0:00:02]} Bh3 {[%emt 0:00:01]} 6. e4 {[%emt 0:00:01]} Bxg2 {[%emt 0:00:01]} 7. Kxg2 {[%emt 0:00:01]} dxe4 {[%emt 0:00:00]} 8. Rxe4 {[%emt 0:00:01]} Nf6 {[%emt 0:00:00]} 9. Re1 {[%emt 0:00:00]} e6 {[%emt 0:00:01]} 10. d3 {[%emt 0:00:01]} h6 {[%emt 0:00:01]} 11. Nc3 {[%emt 0:00:00]} Bd6 {[%emt 0:00:01]} 12. Qe2 {[%emt 0:00:00]} Nbd7 {[%emt 0:00:01]} 13. Ne4 {[%emt 0:00:00]} Nxe4 {[%emt 0:00:01]} 14. Qxe4 {[%emt 0:00:00]} Nf6 {[%emt 0:00:01]} 15. Qe2 {[%emt 0:00:00]} O-O {[%emt 0:00:01]} 16. Bd2 {[%emt 0:00:00]} Qc7 {[%emt 0:00:01]} 17. Rad1 {[%emt 0:00:01]} Rad8 {[%emt 0:00:00]} 18. Bc3 {[%emt 0:00:01]} Nd5 {[%emt 0:00:01]} 19. Be5 {[%emt 0:00:00]} Bxe5 {[%emt 0:00:01]} 20. Qxe5 {[%emt 0:00:00]} Qxe5 {[%emt 0:00:01]} 21. Nxe5 {[%emt 0:00:00]} Nb4 {[%emt 0:00:02]} 22. c3 {[%emt 0:00:01]} Nd5 {[%emt 0:00:04]} 23. d4 {[%emt 0:00:01]} Nb6 {[%emt 0:00:01]} 24. b3 {[%emt 0:00:01]} Nd7 {[%emt 0:00:01]} 25. Nd3 {[%emt 0:00:01]} Rc8 {[%emt 0:00:01]} 26. c4 {[%emt 0:00:01]} c5 {[%emt 0:00:01]} 27. dxc5 {[%emt 0:00:00]} Nxc5 {[%emt 0:00:00]} 28. Nxc5 {[%emt 0:00:00]} Rxc5 {[%emt 0:00:00]} 29. Rd7 {[%emt 0:00:00]} b5 {[%emt 0:00:01]} 30. cxb5 {[%emt 0:00:01]} Rxb5 {[%emt 0:00:03]} 31. Rxa7 {[%emt 0:00:00]} Rd8 {[%emt 0:00:00]} 32. Re3 {[%emt 0:00:00]} Rd2 {[%emt 0:00:01]} 33. a4 {[%emt 0:00:04]} Rc5 {[%emt 0:00:02]} 34. Rf3 {[%emt 0:00:01]} f6 {[%emt 0:00:01]} 35. b4 {[%emt 0:00:03]} Rc4 {[%emt 0:00:03]} 36. b5 {[%emt 0:00:01]} Rb2 {[%emt 0:00:01]} 37. Ra6 {[%emt 0:00:00]} Ra2 {[%emt 0:00:01]} 38. Rxe6 {[%emt 0:00:01]} Rcxa4 {[%emt 0:00:02]} 39. Rb3 {[%emt 0:00:01]} Rd2 {[%emt 0:00:04]} 40. b6 {[%emt 0:00:01]} Raa2 {[%emt 0:00:01]} 41. b7 {[%emt 0:00:06]} Rxf2+ {[%emt 0:00:01]} 42. Kg1 {[%emt 0:00:01]} Rg2+ {[%emt 0:00:05]} 43. Kf1 {[%emt 0:00:00]} Rxh2 {[%emt 0:00:04]} 44. b8=Q+ {[%emt 0:00:01]} Kh7 {[%emt 0:00:01]} 45. Re2 {[%emt 0:00:07]} Raxe2 {[%emt 0:00:04]} 46. Qb7 {[%emt 0:00:01]} Rhf2+ {[%emt 0:00:02]} 47. Kg1 {[%emt 0:00:00]} Ra2 {[%emt 0:00:01]} 48. Qe4+ {[%emt 0:00:01] Time Time Time (Lag: Av=0.81s, max=2.9s) (Lag: Av=0.81s, max=2.9s) (Lag: Av=0.81s, max=2.9s)} 1-0

[Event "418 Stay Safe Play From Home series"]
[Site "Emanuel Lasker Arena"]
[Date "2020.08.28"]
[Round "8"]
[White "Nguyen Hong Anh"]
[Black "Schachwerk_64"]
[Result "1/2-1/2"]
[WhiteElo "2235"]
[BlackElo "1968"]
[Annotator "NA"]
[PlyCount "56"]
[EventDate "2020.08.28"]
[EventType "swiss (blitz)"]

1. d4 {[%emt 0:00:00]} d5 {[%emt 0:00:01]} 2. c4 {[%emt 0:00:02]} Nc6 {[%emt 0:00:00]} 3. cxd5 {[%emt 0:00:02]} Qxd5 {[%emt 0:00:00]} 4. Nf3 {[%emt 0:00:01]} e5 {[%emt 0:00:01]} 5. Nc3 {[%emt 0:00:01]} Bb4 {[%emt 0:00:01]} 6. e3 {[%emt 0:00:01]} Bg4 {[%emt 0:00:01]} 7. Be2 {[%emt 0:00:01]} exd4 {[%emt 0:00:01]} 8. exd4 {[%emt 0:00:01]} O-O-O {[%emt 0:00:02]} 9. O-O {[%emt 0:00:01]} Bxc3 {[%emt 0:00:01]} 10. bxc3 {[%emt 0:00:01]} Nf6 {[%emt 0:00:01]} 11. h3 {[%emt 0:00:01]} Bxf3 {[%emt 0:00:03]} 12. Bxf3 {[%emt 0:00:02]} Qd6 {[%emt 0:00:00]} 13. Be3 {[%emt 0:00:02]} h6 {[%emt 0:00:02]} 14. Qb3 {[%emt 0:00:01]} g5 {[%emt 0:00:03]} 15. Rfd1 {[%emt 0:00:01]} g4 {[%emt 0:00:02]} 16. hxg4 {[%emt 0:00:01]} h5 {[%emt 0:00:01]} 17. d5 {[%emt 0:00:01]} Ne5 {[%emt 0:00:04]} 18. Rab1 {[%emt 0:00:01]} b6 {[%emt 0:00:03]} 19. Be4 {[%emt 0:00:02]} Nxe4 {[%emt 0:00:02]} 20. Qa4 {[%emt 0:00:02]} a5 {[%emt 0:00:02]} 21. Qxe4 {[%emt 0:00:01]} Nxg4 {[%emt 0:00:02]} 22. Bf4 {[%emt 0:00:02]} Qf6 {[%emt 0:00:02]} 23. d6 {[%emt 0:00:01]} Rxd6 {[%emt 0:00:03]} 24. Bxd6 {[%emt 0:00:01]} Qxf2+ {[%emt 0:00:02]} 25. Kh1 {[%emt 0:00:01]} Qh4+ {[%emt 0:00:01]} 26. Kg1 {[%emt 0:00:01]} Qf2+ {[%emt 0:00:01]} 27. Kh1 {[%emt 0:00:01]} Qh4+ {[%emt 0:00:04]} 28. Kg1 {[%emt 0:00:01]} Qf2+ {[%emt 0:00:01] (Lag: Av=0.63s, max=1.2s) (Lag: Av=0.63s, max=1.2s) (Lag: Av=0.63s, max=1.2s)} 1/2-1/2

[Event "418 Stay Safe Play From Home series"]
[Site "Emanuel Lasker Arena"]
[Date "2020.08.28"]
[Round "8"]
[White "Fischer_11"]
[Black "NTBT_DHS"]
[Result "0-1"]
[WhiteElo "2046"]
[BlackElo "2577"]
[Annotator "NA"]
[PlyCount "98"]
[EventDate "2020.08.28"]
[EventType "swiss (blitz)"]

1. e4 {[%emt 0:00:03]} g6 {[%emt 0:00:00]} 2. d4 {[%emt 0:00:01]} Bg7 {[%emt 0:00:00]} 3. Nc3 {[%emt 0:00:03]} d6 {[%emt 0:00:00]} 4. Bg5 {[%emt 0:00:00]} Nd7 {[%emt 0:00:01]} 5. Qd2 {[%emt 0:00:00]} h6 {[%emt 0:00:00]} 6. Bh4 {[%emt 0:00:00]} c5 {[%emt 0:00:01]} 7. dxc5 {[%emt 0:00:01]} Nxc5 {[%emt 0:00:00]} 8. O-O-O {[%emt 0:00:01]} Be6 {[%emt 0:00:00]} 9. Kb1 {[%emt 0:00:02]} Qa5 {[%emt 0:00:01]} 10. a3 {[%emt 0:00:03]} Bxc3 {[%emt 0:00:02]} 11. Qxc3 {[%emt 0:00:01]} Qxc3 {[%emt 0:00:01]} 12. bxc3 {[%emt 0:00:00]} Nxe4 {[%emt 0:00:00]} 13. Bd3 {[%emt 0:00:03]} Nxc3+ {[%emt 0:00:01]} 14. Kc1 {[%emt 0:00:01]} Nxd1 {[%emt 0:00:00]} 15. Kxd1 {[%emt 0:00:00]} Nf6 {[%emt 0:00:01]} 16. Nf3 {[%emt 0:00:00]} Bg4 {[%emt 0:00:01]} 17. Re1 {[%emt 0:00:02]} g5 {[%emt 0:00:00]} 18. Bg3 {[%emt 0:00:02]} e5 {[%emt 0:00:03]} 19. h3 {[%emt 0:00:05]} Bxf3+ {[%emt 0:00:01]} 20. gxf3 {[%emt 0:00:00]} Kd7 {[%emt 0:00:01]} 21. Bb5+ {[%emt 0:00:01]} Ke6 {[%emt 0:00:00]} 22. Bd3 {[%emt 0:00:05]} a6 {[%emt 0:00:02]} 23. h4 {[%emt 0:00:01]} Nd5 {[%emt 0:00:02]} 24. hxg5 {[%emt 0:00:02]} hxg5 {[%emt 0:00:00]} 25. Bc4 {[%emt 0:00:02]} b5 {[%emt 0:00:00]} 26. Bb3 {[%emt 0:00:01]} Rac8 {[%emt 0:00:01]} 27. Kc1 {[%emt 0:00:01]} Rc5 {[%emt 0:00:01]} 28. Rd1 {[%emt 0:00:01]} Rhc8 {[%emt 0:00:02]} 29. Kb2 {[%emt 0:00:01]} f5 {[%emt 0:00:01]} 30. f4 {[%emt 0:00:01]} gxf4 {[%emt 0:00:01]} 31. Bh2 {[%emt 0:00:00]} R8c6 {[%emt 0:00:02]} 32. f3 {[%emt 0:00:01]} a5 {[%emt 0:00:01]} 33. Bg1 {[%emt 0:00:01]} Rc4 {[%emt 0:00:01]} 34. Bxc4 {[%emt 0:00:01]} bxc4 {[%emt 0:00:00]} 35. Bf2 {[%emt 0:00:03]} Ne3 {[%emt 0:00:00]} 36. Bxe3 {[%emt 0:00:01]} fxe3 {[%emt 0:00:00]} 37. Re1 {[%emt 0:00:00]} f4 {[%emt 0:00:00]} 38. Kc3 {[%emt 0:00:01]} d5 {[%emt 0:00:00]} 39. Rh1 {[%emt 0:00:00]} d4+ {[%emt 0:00:00]} 40. Kb2 {[%emt 0:00:02]} Rb6+ {[%emt 0:00:00]} 41. Kc1 {[%emt 0:00:00]} Kd5 {[%emt 0:00:00]} 42. Rh8 {[%emt 0:00:02]} d3 {[%emt 0:00:00]} 43. Rd8+ {[%emt 0:00:00]} Rd6 {[%emt 0:00:01]} 44. Rxd6+ {[%emt 0:00:01]} Kxd6 {[%emt 0:00:00]} 45. a4 {[%emt 0:00:01]} Kc5 {[%emt 0:00:01]} 46. Kd1 {[%emt 0:00:00]} Kb4 {[%emt 0:00:00]} 47. cxd3 {[%emt 0:00:00]} cxd3 {[%emt 0:00:00]} 48. Ke1 {[%emt 0:00:01]} Kc3 {[%emt 0:00:00]} 49. Kd1 {[%emt 0:00:00]} Kb2 {[%emt 0:00:02] Zeit Zeit Zeit (Lag: Av=0.48s, max=1.2s) (Lag: Av=0.48s, max=1.2s) (Lag: Av=0.48s, max=1.2s)} 0-1

[Event "418 Stay Safe Play From Home series"]
[Site "Emanuel Lasker Arena"]
[Date "2020.08.28"]
[Round "8"]
[White "TheCHESSHOUSE"]
[Black "Frido-BBB"]
[Result "1-0"]
[WhiteElo "2006"]
[BlackElo "1589"]
[PlyCount "71"]
[EventDate "2020.08.28"]
[EventType "swiss (blitz)"]

1. d4 {[%emt 0:00:03]} d5 {[%emt 0:00:02]} 2. c4 {[%emt 0:00:00]} e6 {[%emt 0:00:00]} 3. g3 {[%emt 0:00:01]} Nf6 {[%emt 0:00:01]} 4. Bg2 {[%emt 0:00:00]} c6 {[%emt 0:00:01]} 5. Nf3 {[%emt 0:00:00]} Nbd7 {[%emt 0:00:02]} 6. Nbd2 {[%emt 0:00:00]} Qc7 {[%emt 0:00:03]} 7. O-O {[%emt 0:00:01]} b6 {[%emt 0:00:02]} 8. b3 {[%emt 0:00:01]} Bb7 {[%emt 0:00:01]} 9. cxd5 {[%emt 0:00:01]} Nxd5 {[%emt 0:00:03]} 10. Bb2 {[%emt 0:00:01]} N7f6 {[%emt 0:00:01]} 11. Rc1 {[%emt 0:00:01]} Bd6 {[%emt 0:00:01]} 12. a3 {[%emt 0:00:01]} O-O {[%emt 0:00:01]} 13. e4 {[%emt 0:00:01]} Ne7 {[%emt 0:00:04]} 14. e5 {[%emt 0:00:01]} Nfd5 {[%emt 0:00:01]} 15. exd6 {[%emt 0:00:01]} Qxd6 {[%emt 0:00:00]} 16. Ne4 {[%emt 0:00:01]} Qd7 {[%emt 0:00:02]} 17. Ne5 {[%emt 0:00:01]} Qc7 {[%emt 0:00:03]} 18. Qg4 {[%emt 0:00:02]} f6 {[%emt 0:00:03]} 19. Qxe6+ {[%emt 0:00:02]} Kh8 {[%emt 0:00:03]} 20. Nf7+ {[%emt 0:00:02]} Rxf7 {[%emt 0:00:00]} 21. Qxf6 {[%emt 0:00:00]} Nxf6 {[%emt 0:00:03]} 22. Ng5 {[%emt 0:00:01]} Rff8 {[%emt 0:00:02]} 23. Ne6 {[%emt 0:00:01]} Qd8 {[%emt 0:00:03]} 24. Nf4 {[%emt 0:00:02]} Qe8 {[%emt 0:00:01]} 25. Rfe1 {[%emt 0:00:01]} Qf7 {[%emt 0:00:02]} 26. Bh3 {[%emt 0:00:02]} Rae8 {[%emt 0:00:01]} 27. Be6 {[%emt 0:00:01]} Ng6 {[%emt 0:00:01]} 28. Bxf7 {[%emt 0:00:01]} Rxf7 {[%emt 0:00:00]} 29. Rxe8+ {[%emt 0:00:02]} Nxe8 {[%emt 0:00:04]} 30. Nxg6+ {[%emt 0:00:00]} hxg6 {[%emt 0:00:02]} 31. Re1 {[%emt 0:00:00]} Nf6 {[%emt 0:00:01]} 32. b4 {[%emt 0:00:02]} Nd5 {[%emt 0:00:00]} 33. Bc1 {[%emt 0:00:00]} Ba6 {[%emt 0:00:02]} 34. Re6 {[%emt 0:00:01]} Bb5 {[%emt 0:00:02]} 35. Rxg6 {[%emt 0:00:01]} Rf6 {[%emt 0:00:02]} 36. Rxf6 {[%emt 0:00:01] Zeit Zeit Zeit (Lag: Av=0.82s, max=1.4s) (Lag: Av=0.82s, max=1.4s) (Lag: Av=0.82s, max=1.4s)} 1-0

[Event "418 Stay Safe Play From Home series"]
[Site "Emanuel Lasker Arena"]
[Date "2020.08.28"]
[Round "8"]
[White "Klasman"]
[Black "IceQueen"]
[Result "0-1"]
[WhiteElo "1256"]
[BlackElo "2377"]
[PlyCount "56"]
[EventDate "2020.08.28"]
[EventType "swiss (blitz)"]

1. f4 {[%emt 0:00:01]} d6 {[%emt 0:00:00]} 2. e4 {[%emt 0:00:01]} Nf6 {[%emt 0:00:00]} 3. Nc3 {[%emt 0:00:02]} c5 {[%emt 0:00:01]} 4. Nf3 {[%emt 0:00:02]} Nc6 {[%emt 0:00:00]} 5. d4 {[%emt 0:00:01]} cxd4 {[%emt 0:00:00]} 6. Nxd4 {[%emt 0:00:01]} e6 {[%emt 0:00:00]} 7. Bb5 {[%emt 0:00:02]} Bd7 {[%emt 0:00:00]} 8. Bxc6 {[%emt 0:00:02]} bxc6 {[%emt 0:00:00]} 9. Nxc6 {[%emt 0:00:01]} Bxc6 {[%emt 0:00:01]} 10. Qf3 {[%emt 0:00:02]} Be7 {[%emt 0:00:02]} 11. O-O {[%emt 0:00:03]} O-O {[%emt 0:00:01]} 12. Be3 {[%emt 0:00:02]} d5 {[%emt 0:00:01]} 13. exd5 {[%emt 0:00:03]} Nxd5 {[%emt 0:00:00]} 14. Nxd5 {[%emt 0:00:04]} Bxd5 {[%emt 0:00:00]} 15. Qg3 {[%emt 0:00:02]} Rb8 {[%emt 0:00:01]} 16. b3 {[%emt 0:00:02]} Qc7 {[%emt 0:00:02]} 17. c4 {[%emt 0:00:02]} Be4 {[%emt 0:00:02]} 18. Bd4 {[%emt 0:00:02]} f6 {[%emt 0:00:03]} 19. f5 {[%emt 0:00:03]} Qxg3 {[%emt 0:00:02]} 20. hxg3 {[%emt 0:00:02]} exf5 {[%emt 0:00:00]} 21. Rae1 {[%emt 0:00:02]} Rfd8 {[%emt 0:00:01]} 22. Bc3 {[%emt 0:00:02]} Bc5+ {[%emt 0:00:00]} 23. Kh2 {[%emt 0:00:02]} Rd3 {[%emt 0:00:00]} 24. Ba1 {[%emt 0:00:04]} Bd6 {[%emt 0:00:00]} 25. Rf4 {[%emt 0:00:03]} Bxf4 {[%emt 0:00:01]} 26. gxf4 {[%emt 0:00:01]} Rd2 {[%emt 0:00:01]} 27. Rg1 {[%emt 0:00:02]} Rbd8 {[%emt 0:00:01]} 28. Bxf6 {[%emt 0:00:03]} gxf6 {[%emt 0:00:02] Time Time Time (Lag: Av=0.49s, max=1.5s) (Lag: Av=0.49s, max=1.5s) (Lag: Av=0.49s, max=1.5s)} 0-1

[Event "418 Stay Safe Play From Home series"]
[Site "Emanuel Lasker Arena"]
[Date "2020.08.28"]
[Round "8"]
[White "W Nelles"]
[Black "Gokerkan"]
[Result "0-1"]
[WhiteElo "1255"]
[BlackElo "2559"]
[PlyCount "50"]
[EventDate "2020.08.28"]
[EventType "swiss (blitz)"]

1. e4 {[%emt 0:00:02]} c5 {[%emt 0:00:00]} 2. Bc4 {[%emt 0:00:02]} Nc6 {[%emt 0:00:00]} 3. Qg4 {[%emt 0:00:02]} d5 {[%emt 0:00:01]} 4. exd5 {[%emt 0:00:01]} Bxg4 {[%emt 0:00:01]} 5. dxc6 {[%emt 0:00:02]} bxc6 {[%emt 0:00:00]} 6. Bxf7+ {[%emt 0:00:01]} Kxf7 {[%emt 0:00:01]} 7. f3 {[%emt 0:00:01]} Bf5 {[%emt 0:00:01]} 8. Nc3 {[%emt 0:00:01]} Bxc2 {[%emt 0:00:01]} 9. Nge2 {[%emt 0:00:03]} Nf6 {[%emt 0:00:00]} 10. Nf4 {[%emt 0:00:01]} e5 {[%emt 0:00:01]} 11. Nh3 {[%emt 0:00:03]} c4 {[%emt 0:00:01]} 12. O-O {[%emt 0:00:01]} Bc5+ {[%emt 0:00:01]} 13. Kh1 {[%emt 0:00:02]} Bd3 {[%emt 0:00:00]} 14. Re1 {[%emt 0:00:01]} Re8 {[%emt 0:00:01]} 15. a3 {[%emt 0:00:03]} h6 {[%emt 0:00:00]} 16. Na4 {[%emt 0:00:02]} Bb6 {[%emt 0:00:01]} 17. Nxb6 {[%emt 0:00:01]} axb6 {[%emt 0:00:00]} 18. b4 {[%emt 0:00:01]} e4 {[%emt 0:00:02]} 19. Bb2 {[%emt 0:00:01]} exf3 {[%emt 0:00:01]} 20. Rxe8 {[%emt 0:00:03]} fxg2+ {[%emt 0:00:01]} 21. Kxg2 {[%emt 0:00:01]} Qd5+ {[%emt 0:00:00]} 22. Kf2 {[%emt 0:00:03]} Rxe8 {[%emt 0:00:01]} 23. Bxf6 {[%emt 0:00:02]} Re2+ {[%emt 0:00:01]} 24. Kg3 {[%emt 0:00:03]} Rg2+ {[%emt 0:00:04]} 25. Kf4 {[%emt 0:00:05]} Qe4# {[%emt 0:00:00] (Lag: Av=0.69s, max=1.5s) (Lag: Av=0.69s, max=1.5s) (Lag: Av=0.69s, max=1.5s)} 0-1

[Event "418 Stay Safe Play From Home series"]
[Site "Emanuel Lasker Arena"]
[Date "2020.08.28"]
[Round "9"]
[White "Gokerkan"]
[Black "Frido-BBB"]
[Result "1-0"]
[WhiteElo "2559"]
[BlackElo "1586"]
[PlyCount "75"]
[EventDate "2020.08.28"]
[EventType "swiss (blitz)"]

1. e4 {[%emt 0:00:00]} e5 {[%emt 0:00:03]} 2. f4 {[%emt 0:00:01]} d5 {[%emt 0:00:03]} 3. exd5 {[%emt 0:00:02]} e4 {[%emt 0:00:01]} 4. Nc3 {[%emt 0:00:01]} Nf6 {[%emt 0:00:02]} 5. d3 {[%emt 0:00:01]} exd3 {[%emt 0:00:02]} 6. Bxd3 {[%emt 0:00:00]} Bd6 {[%emt 0:00:01]} 7. Nf3 {[%emt 0:00:01]} Bg4 {[%emt 0:00:01]} 8. O-O {[%emt 0:00:01]} Nbd7 {[%emt 0:00:01]} 9. h3 {[%emt 0:00:00]} Bh5 {[%emt 0:00:03]} 10. Re1+ {[%emt 0:00:03]} Be7 {[%emt 0:00:05]} 11. Qe2 {[%emt 0:00:01]} Bxf3 {[%emt 0:00:05]} 12. Qxf3 {[%emt 0:00:00]} O-O {[%emt 0:00:02]} 13. Be3 {[%emt 0:00:00]} Nb6 {[%emt 0:00:02]} 14. Rad1 {[%emt 0:00:01]} Nfxd5 {[%emt 0:00:01]} 15. Nxd5 {[%emt 0:00:00]} Nxd5 {[%emt 0:00:01]} 16. Be4 {[%emt 0:00:03]} c6 {[%emt 0:00:01]} 17. c4 {[%emt 0:00:00]} Qa5 {[%emt 0:00:04]} 18. cxd5 {[%emt 0:00:01]} cxd5 {[%emt 0:00:00]} 19. Bxd5 {[%emt 0:00:01]} Rad8 {[%emt 0:00:03]} 20. Bb3 {[%emt 0:00:01]} Bb4 {[%emt 0:00:02]} 21. Rxd8 {[%emt 0:00:02]} Rxd8 {[%emt 0:00:02]} 22. Rd1 {[%emt 0:00:00]} Rxd1+ {[%emt 0:00:03]} 23. Qxd1 {[%emt 0:00:00]} h6 {[%emt 0:00:01]} 24. Kh2 {[%emt 0:00:02]} Kh7 {[%emt 0:00:01]} 25. Qd3+ {[%emt 0:00:01]} g6 {[%emt 0:00:03]} 26. Bxf7 {[%emt 0:00:00]} Qf5 {[%emt 0:00:02]} 27. Qxf5 {[%emt 0:00:02]} gxf5 {[%emt 0:00:00]} 28. Bxa7 {[%emt 0:00:00]} Bc5 {[%emt 0:00:01]} 29. Bxc5 {[%emt 0:00:01]} b6 {[%emt 0:00:01]} 30. Bxb6 {[%emt 0:00:01]} Kg7 {[%emt 0:00:00]} 31. a4 {[%emt 0:00:00]} Kxf7 {[%emt 0:00:01]} 32. a5 {[%emt 0:00:00]} Ke7 {[%emt 0:00:00]} 33. a6 {[%emt 0:00:00]} Kd7 {[%emt 0:00:00]} 34. a7 {[%emt 0:00:00]} Kc6 {[%emt 0:00:00]} 35. a8=Q+ {[%emt 0:00:00]} Kxb6 {[%emt 0:00:01]} 36. Qf8 {[%emt 0:00:00]} Kb5 {[%emt 0:00:02]} 37. Qxf5+ {[%emt 0:00:00]} Kc4 {[%emt 0:00:00]} 38. Qh5 {[%emt 0:00:00] Zeit Zeit Zeit (Lag: Av=0.73s, max=1.1s) (Lag: Av=0.73s, max=1.1s) (Lag: Av=0.73s, max=1.1s)} 1-0